000 00996nam a22002777a 4500
003 OSt
005 20220531084010.0
007 ta
008 210311b 2020 dr 00| 0 eng d
020 _a9789945093346
040 _aDO-SdBNP
_bspa
_cBNPHU
082 4 _a910.4
_bG216u
_222
100 1 _aGarcía, Ernesto de Dios,
_d2004-
_978072
245 1 0 _aUn verano inigualable /
_cErnesto de Dios García ; prólogo María Isabel García.
260 _a[Santo Domingo] :
_b[s. n. ],
_c[202-?]
300 _a279 p. ;
_c22 cm.
500 _aIncluye datos biográficos del autor en la solapa de la cubierta.
590 _aInventariado, 2021 /LP
590 _aLa biblioteca posee 3 ejemplar autografiado por el autor.
600 1 4 _aGarcía, Ernesto de Dios,
_d2004-
_xViaje
_981256
650 4 _aJuventud
_xViaje
_981257
650 4 _aMuchachos adolescentes
_xViaje
_981258
700 1 _aGarcía, María Isabel,
_epról.
_978073
910 _a Lopérez. Validado. Control de calidad MFF
942 _2ddc
_cLBS1
999 _c49537
_d49537